Statistics for Largest European Cities by Letter - S

Click here to take the quiz!

General Stats

  • This quiz has been taken 119 times
  • The average score is 14 of 30

Answer Stats

Rank Population Country Hint City % Correct
5744'000SwedenNobel PrizeStockholm
99%
14'678'000RussiaWas called Leningrad until 1991St. Petersburg
98%
31'139'000BulgariaCapitalSofia
98%
9529'000Bosnia and HerzegovinaWhere Franz Ferdinand was assassinatedSarajevo
93%
10430'000MacedoniaCapitalSkopje
91%
6695'000SpainAndalusiaSevilla
90%
7583'000GermanyMercedes-BenzStuttgart
79%
16334'000RussiaOlympic Winter Games 2014Sochi
78%
8530'000United KingdomSnookerSheffield
76%
22252'000FranceHeadquarter of the Council of EuropeStrasbourg
70%
25230'000United KingdomSecond-Largest City of WalesSwansea
65%
28215'000United KingdomRMS TitanicSouthampton
64%
13350'000Ukraine / RussiaHome to the Russian Black Sea FleetSevastopol
56%
21'165'000RussiaRiver VolgaSamara
48%
30203'000SpainTenerifeSanta Cruz de Tenerife
44%
21254'000United KingdomThe PotteriesStoke-on-Trent
42%
4875'000RussiaLongest Bridge in the USSRSaratov
34%
11417'000PolandDucal CastleSzczecin
34%
15337'000Ukraine / RussiaCapital of CrimeaSimferopol
29%
19294'000United KingdomNational Glass CentreSunderland
24%
12351'000RussiaDiamond FacetingSmolensk
22%
17316'000RussiaCathedral of St. Theodore UshakovSaransk
21%
14342'000RussiaNorth CaucasusStavropol
14%
18296'000UkraineAcademy of BankingSumy
11%
26230'000RussiaEnd of the Vyatka HighwaySyktyvkar
11%
23243'000PolandSuburb of KatowiceSosnowiec
10%
24236'000RussiaImportant Military ShipyardsSeverodvinsk
8%
29212'000RussiaClose to the UkraineStary Oskol
7%
20264'000RussiaBashkortostanSterlitamak
7%
27221'000RussiaMain Producer of TileShakhty
5%

Score Distribution

Percentile by Number Answered

Percent of People with Each Score

Your Score History

You have not taken this quiz